| 000 | 00551nam a2200217Ia 4500 | ||
|---|---|---|---|
| 003 | OSt | ||
| 005 | 20220926044549.0 | ||
| 006 | a|||||r|||| 00| 0 | ||
| 007 | ta | ||
| 008 | 220923b |||||||| |||| 00| 0 eng d | ||
| 037 | _cGeneral Book | ||
| 040 |
_aRTL _cRTL _beng |
||
| 041 |
_2eng _aeng |
||
| 082 | _aX7:72.N60, K0/GD | ||
| 110 |
_aINDIA, LAW (M/o-) _9259441 |
||
| 245 | 0 | _aFinance Act, 1960 | |
| 260 | _c1960 | ||
| 700 |
_aINDIA, LAW (M/o-) _9259442 |
||
| 942 |
_hX7:72.N60, K0/GD _cGB _2CC |
||
| 999 |
_c675229 _d675229 |
||